| 000 | 00395cam a22001217a 4500 | ||
|---|---|---|---|
| 008 | 180718b1967 xxu||||| |||| 00| 0 eng d | ||
| 082 | _aXA4601 x5442 M278 | ||
| 245 |
_aThe Bombay rents, hotel and lodging house rates control act, 1947 _cBy Govt. of Maharastra |
||
| 260 |
_aBombay _bGovt. of Maharastra _c1967 |
||
| 300 | _a2525 - 2545p. | ||
| 500 | _aBombay act No. LVII of 1947 | ||
| 650 | _aRents | ||
| 999 |
_c414742 _d414742 |
||